Bible Quotes Quiz #1 - Statistics

General Stats
  • This quiz has been taken 62,145 times
    54,669 since last reset
  • The average score is 11 of 16
Answer Stats
Verse Quote % Correct
Genesis 1:3 And God said, Let there be {light}
99%
Luke 23:34 Father, {forgive} them; for they know not what they do
93%
Galatians 6:7 A man reaps what he {sows}
84%
Matthew 5:39 If anyone strikes you on the right {cheek}, turn to him the other also
84%
Matthew 5:38 An eye for an eye, and a {tooth} for a {tooth}
81%
Psalms 23:1 The LORD is my {shepherd}; I shall not want
81%
1 Corinthians 13:4 {Love} is patient, {love} is kind. It does not envy, it does not boast, it is not proud.
79%
Luke 12:19 Eat, drink, and be {merry}
70%
Matthew 4:4 Man shall not live by {bread} alone
69%
John 8:7 He that is {without} {sin} among you, let him first cast a stone at her
61%
John 11:35 (shortest verse in the Bible) Jesus {wept}
60%
2 Samuel 1:19 How are the {mighty} fallen!
53%
Proverbs 13:24 He that spareth his {rod} hateth his son
49%
Matthew 12:25 Every city or house {divided} against itself shall not stand
46%
1 Corinthians 15:55 O death, where is thy {sting}?
45%
Ecclesiastes 3:1 To every thing there is a {season}, and a time to every purpose under the heaven
41%
No matching quizzes found
Score Distribution
Percent of People with Each Score
Percentile by Number Answered
Your Score History
You have not taken this quiz since the last reset